Responses for Show #2127 - Tuesday, November 30, 1993

1993 10th Anniversary Tournament semifinal game 2.

Contestants

[<< previous game]

Doug Molitor, a writer from Altadena, California

Mark McDermott, a desktop publisher originally from Schaller, Iowa

Tom Nosek, an engineer from Torrance, California

[next game >>]

Jeopardy! Round responses

ROCK GROUPS
CHICAGO
THE CARS
GENESIS
THE MAMAS & THE PAPAS
SIMPLY "RED"
    $100 6
(Mark: What is [*], man?)

the Grateful Dead

Mark
    $100 1
"The Windy City"

Mark
    $100 15
Electricity

Mark
    $100 17
Sodom & Gomorrah

Mark
    $100 26
"The Three Bears"

Mark
    $100 10
Red Carpet

Doug
    $200 7
Frank Sinatra

Doug
    $200 2
Sears Tower

Tom
    $200 22
Infiniti

Mark
    $200 18
Noah

Tom
    $200 27
(Italian) Restaurant

Mark
    $200 11
Redcoats

Mark
    $300 8
The Doors

Mark
    $300 3
(D: What is Michigan?)

Wisconsin

MarkDoug
    $300 23
Cadillac

Doug
    $300 19
Joseph

Doug
    $300 28
Vicki Lawrence

Doug
    $300 12
Red Hot

Mark
    $400 9
Wings

Doug
    $400 4
Stephen Douglas

Tom
    $400 24
Hyundai

Mark
    $400 20
(D: Who was Rebecca?)

Sarah

MarkDoug
    $400 30
"Papa Doc"

Doug
    $400 13
Red Herring

Tom
    $500 16
The Plastic Ono Band

Mark
    $500 5
Field Museum

Mark
    $500 25
(Mark: What is Ferrari?)
(Doug: What is Fiat?)

Lamborghini

TomMarkDoug
    $1,500 21
(M: Who was Judith?)

Rachel

Mark
    $500 29
(D: Who is Ma Parker?)

Ma Barker

TomDoug
    $500 14
Red Barber

Tom

Scores at the first commercial break (after clue 15):

Tom Mark Doug
$1,500 $1,900 $400

Scores at the end of the Jeopardy! Round:

Tom Mark Doug
$2,700 $1,800 $300

Double Jeopardy! Round responses

EUROPEAN HISTORY
MATHEMATICS
ARTISTS
CANADIAN PROVINCES
SHAKESPEAREAN CHARACTERS
ESPERANTO
    $200 7
Switzerland

Tom
    $200 13
3,465

Tom
    $200 2
Leonardo Da Vinci

Doug
    $200 14
Quebec

Mark
    $200 1
Henry V

Mark
    $200 19
(M: What is Mrs.?)

Miss

TomMark
    $400 25
(D: What is Italy?)

Monaco

MarkDoug
    $400 12
Round/Rounding Off

Tom
    $400 11
Salvador Dali

Tom
    $400 15
Ontario

Mark
    $400 3
(M: Who is Blister?)

Elbow

MarkDoug
    $400 20
Wood

Tom
    $600 24
Yugoslavia

Tom
    $600 10
(D: What is irregular?)

scalene

MarkDoug
    $600 26
Thomas Gainsborough

Mark
    $600 16
Prince Edward Island

Doug
    $1,000 4
Portia

Doug
    $600 21
Raincoat

Doug
    $800 23
Austria-Hungary

Mark
    $800 9
Subtraction

Doug
    $2,001 27
(M: Who is Norman Rockwell?)

Jasper Johns

Mark
    $800 17
(D: What is Newfoundland?)
(M: What is New Brunswick?)

Nova Scotia

TomMarkDoug
    $800 5
Pericles

Triple Stumper
    $800 30
Water Skiing

Tom
    $1000 22
Crete

Tom
    $1000 8
Pierre de Fermat

Doug
    $1000 28
Raphael

Tom
    $1000 18
New Brunswick

Tom
    $1000 6
"Troilus and Cressida"

Doug
    $1000 29
Ant

Tom

Scores at the end of the Double Jeopardy! Round:

Tom Mark Doug
$10,700 $1,599 $4,100
(lock game)

[wagering suggestions for these scores]

Final Jeopardy! Round responses

1990s GEOGRAPHY
(Alex: Well, we know it can't be Russia, because Russia's boundaries extend into Asia. But we have the reunification of Germany. Could it be that?)
...
(Alex: The correct response: What is [*]? [*]. 233,000 square miles, I believe.)
MarkWhat is Germany?
$1,500
DougWhat is Germany?
$900
TomWhat is Germany?
$0
Ukraine

Final scores:

Tom Mark Doug
$10,700 $99 $3,200
Finalist 3rd place: $5,000 2nd place: $5,000

Game dynamics:

Coryat scores:

Tom Mark Doug
$10,700 $5,100 $3,700
20 R,
0 W
22 R,
6 W
(including 2 DDs)
15 R
(including 1 DD),
7 W

Combined Coryat: $19,500

[game clues] [game scores] [suggest correction]

Game tape date: 1993-10-18
The J! Archive is created by fans, for fans. Scraping, republication, monetization, and malicious use prohibited; this site may use cookies and collect identifying information. See terms. The Jeopardy! game show and all elements thereof, including but not limited to copyright and trademark thereto, are the property of Jeopardy Productions, Inc. and are protected under law. This website is not affiliated with, sponsored by, or operated by Jeopardy Productions, Inc. Join the discussion at JBoard.tv.